[Event "20e Festival de Chambéry -Tournoi fermé "]
[Site "Chambéry (73)"]
[Date "2014.07.26"]
[Round "1.1"]
[White "Delorme, Axel"]
[Black "Drenchev, Petar"]
[Result "1-0"]
[WhiteElo "2494"]
[BlackElo "2511"]
[Annotator "Doe,John"]
[PlyCount "129"]
[EventDate "2014.??.??"]

1. d4 Nf6 2. c4 e6 3. g3 d5 4. Nf3 Bb4+ 5. Nc3 dxc4 6. Bg2 Nc6 7. O-O O-O 8. a3
Be7 9. e4 Na5 10. Be3 c5 11. dxc5 Ng4 12. Qxd8 Rxd8 13. Bf4 Nb3 14. Rad1 Nxc5
15. h3 Nf6 16. Ne5 Nd3 17. Nxd3 cxd3 18. e5 Nd5 19. Nxd5 exd5 20. Rxd3 Be6 21.
Be3 f6 22. Rfd1 fxe5 23. Bxd5 Bxd5 24. Rxd5 b6 25. Rd7 e4 26. Kf1 Kf8 27. Ke2
Rac8 28. Rxd8+ Rxd8 29. Bd4 Rd6 30. Ke3 Re6 31. h4 h5 32. Rc1 g5 33. Rc8+ Kf7
34. hxg5 Bxg5+ 35. Ke2 a6 36. a4 Rd6 37. Bc3 a5 38. Rc4 Re6 39. Bd4 Kg6 40. b4
axb4 41. Rxb4 Bd8 42. Be3 Kf5 43. Kf1 Rc6 44. Kg2 Rc2 45. Rb5+ Ke6 46. Rxh5 Ra2
47. Rh8 Bc7 48. Re8+ Kd5 49. Ra8 Kc6 50. g4 Kb7 51. Re8 Rxa4 52. g5 b5 53. Kh3
Ba5 54. g6 Bc3 55. g7 Bxg7 56. Re7+ Kc6 57. Rxg7 b4 58. Rg5 Ra3 59. Rc5+ Kb6
60. Re5+ Kc6 61. Rxe4 Kb5 62. Kg2 Ra2 63. Bd4 Rc2 64. Kf3 b3 65. Re2 1-0

[Event "20e Festival de Chambéry -Tournoi fermé "]
[Site "Chambéry (73)"]
[Date "2014.07.26"]
[Round "1.2"]
[White "Horvath, Jozsef"]
[Black "Moussard, Jules"]
[Result "1-0"]
[WhiteElo "2509"]
[BlackElo "2423"]
[PlyCount "43"]
[EventDate "2014.??.??"]

1. Nf3 g6 2. e4 Bg7 3. d4 d6 4. c4 Nf6 5. Nc3 O-O 6. Be3 Bg4 7. Qb3 Bxf3 8.
gxf3 Nbd7 9. O-O-O Qc8 10. h4 c5 11. Bh3 cxd4 12. Bxd4 Qc6 13. Kb1 Nc5 14. Qc2
Ne6 15. Bxf6 Bxf6 16. Nd5 Rac8 17. h5 Qxc4 18. Qd2 Bg5 19. Bxe6 fxe6 20. Qxg5
exd5 21. hxg6 dxe4 22. Qh6 1-0

[Event "20e Festival de Chambéry -Tournoi fermé "]
[Site "Chambéry (73)"]
[Date "2014.07.26"]
[Round "1.3"]
[White "Rambaldi, Francesco"]
[Black "Guidarelli, Laurent"]
[Result "1/2-1/2"]
[WhiteElo "2444"]
[BlackElo "2498"]
[PlyCount "145"]
[EventDate "2014.??.??"]

1. d4 Nf6 2. c4 c5 3. d5 b5 4. cxb5 a6 5. bxa6 g6 6. Nc3 Bxa6 7. Nf3 d6 8. e4
Bxf1 9. Kxf1 Bg7 10. g3 O-O 11. Kg2 Qa5 12. a4 Na6 13. Qe2 Nc7 14. Nd2 Nd7 15.
Nc4 Qa6 16. Bd2 Rfb8 17. Rhb1 Rb3 18. Nb5 Nxb5 19. axb5 Qxa1 20. Rxa1 Rxa1 21.
Qg4 Nf8 22. Qc8 Rxb5 23. e5 dxe5 24. d6 Ra7 25. Qc7 Rbb7 26. Qxc5 exd6 27. Nxd6
Rd7 28. Qb6 Ra8 29. Bc3 Rad8 30. Nc4 f6 31. Qc6 Rb8 32. Nd6 h5 33. Ne4 Re7 34.
Nxf6+ Bxf6 35. Qxf6 Re6 36. Qf3 Rd8 37. Qb7 Rd7 38. Qb8 Rde7 39. b4 Kf7 40. Bd2
Rd7 41. Be3 Rd3 42. b5 Rxe3 43. Qa7+ Ke8 44. Qxe3 Nd7 45. Kh3 Rb6 46. Qe4 Kf7
47. Kh4 Rf6 48. f3 Rd6 49. Kg5 Rb6 50. Qd5+ Ke7 51. Kh6 Rd6 52. Qg8 Rf6 53. Qa8
Rb6 54. Kg7 Rd6 55. Qa3 Nb6 56. h4 Kd7 57. Kf7 Nc8 58. Qc5 Rb6 59. Kg7 Re6 60.
Qd5+ Ke7 61. Qb7+ Kd8 62. Qd5+ Ke7 63. Kg8 Nd6 64. b6 Kf6 65. Qa8 Re7 66. Qf8+
Ke6 67. Qh6 Ne8 68. Qxg6+ Nf6+ 69. Kh8 Rd7 70. Qc2 e4 71. Qc8 Kd6 72. Qf8+ Ke6
73. Qc8 1/2-1/2

[Event "20e Festival de Chambéry -Tournoi fermé "]
[Site "Chambéry (73)"]
[Date "2014.07.26"]
[Round "1.4"]
[White "Bailet, Pierre"]
[Black "Campos Moreno, Javier B"]
[Result "1-0"]
[WhiteElo "2469"]
[BlackElo "2458"]
[PlyCount "95"]
[EventDate "2014.??.??"]

1. d4 d5 2. c4 e6 3. Nc3 c5 4. cxd5 exd5 5. Nf3 Nc6 6. g3 Nf6 7. Bg2 Be7 8. O-O
O-O 9. dxc5 Bxc5 10. Na4 Be7 11. Be3 Be6 12. Rc1 Qd7 13. Bc5 Rfe8 14. Bxe7 Qxe7
15. Nd4 Bg4 16. Re1 Rac8 17. Nxc6 bxc6 18. Qd4 Qb7 19. e3 Be6 20. b4 Nd7 21.
Nc5 Qb6 22. a3 a5 23. Nxd7 Qxd4 24. exd4 Bxd7 25. Rxe8+ Rxe8 26. bxa5 Ra8 27.
Rc5 Kf8 28. Kf1 Ke7 29. Ke1 Kd6 30. Kd2 Bc8 31. Bf1 Ba6 32. Bxa6 Rxa6 33. Kc3
Ra8 34. Kb4 Rb8+ 35. Ka4 Ra8 36. Rc3 h5 37. Rb3 Ra7 38. h4 g6 39. Rb6 Kc7 40.
f3 Ra8 41. Kb4 Ra7 42. g4 Ra8 43. Ka4 Ra7 44. Rb3 Ra8 45. Rb1 f6 46. Rb2 c5 47.
gxh5 gxh5 48. Rb5 1-0

[Event "20e Festival de Chambéry -Tournoi fermé "]
[Site "Chambéry (73)"]
[Date "2014.07.26"]
[Round "2.1"]
[White "Guidarelli, Laurent"]
[Black "Delorme, Axel"]
[Result "1-0"]
[WhiteElo "2498"]
[BlackElo "2494"]
[PlyCount "73"]
[EventDate "2014.??.??"]

1. d4 d5 2. c4 e6 3. Nc3 a6 4. e3 c5 5. Nf3 Nf6 6. cxd5 exd5 7. Be2 b5 8. dxc5
Bxc5 9. Nd4 O-O 10. Bf3 Bb7 11. O-O Ne4 12. Qc2 Qe7 13. Rd1 Nd7 14. Nxd5 Bxd5
15. Nf5 Qe6 16. Rxd5 Qxd5 17. Bxe4 Qc4 18. Qxc4 bxc4 19. Bxa8 Rxa8 20. Bd2 Rb8
21. Bc3 f6 22. Rc1 Nb6 23. Kf1 Na4 24. Rc2 Nxc3 25. bxc3 Rb1+ 26. Ke2 a5 27.
Nd4 Kf7 28. Nf3 Ke6 29. Nd2 Rh1 30. h3 Rg1 31. Kf3 h5 32. Nxc4 a4 33. Nb2 a3
34. Nd3 Bd6 35. c4 g5 36. Rc1 Rxc1 37. Nxc1 1-0

[Event "20e Festival de Chambéry -Tournoi fermé "]
[Site "Chambéry (73)"]
[Date "2014.07.26"]
[Round "2.2"]
[White "Estremera Panos, Sergio"]
[Black "Rambaldi, Francesco"]
[Result "1/2-1/2"]
[WhiteElo "2345"]
[BlackElo "2444"]
[PlyCount "61"]
[EventDate "2014.??.??"]

1. d4 Nf6 2. c4 g6 3. Nc3 d5 4. cxd5 Nxd5 5. e4 Nxc3 6. bxc3 Bg7 7. Bc4 c5 8.
Ne2 O-O 9. O-O Nc6 10. Be3 b6 11. dxc5 Qc7 12. Nd4 Ne5 13. Nb5 Qb8 14. Be2 bxc5
15. f4 Ng4 16. Bxc5 a6 17. Na3 Qc7 18. Bd4 e5 19. fxe5 Nxe5 20. Qd2 Bg4 21.
Bxg4 Nxg4 22. Qf4 Qxf4 23. Rxf4 Ne5 24. Rb1 Rac8 25. Rff1 Nc6 26. Bxg7 Kxg7 27.
Nc4 Nd4 28. cxd4 Rxc4 29. Rb6 Rxd4 30. Rxa6 Rxe4 31. Ra7 1/2-1/2

[Event "20e Festival de Chambéry -Tournoi fermé "]
[Site "Chambéry (73)"]
[Date "2014.07.26"]
[Round "2.3"]
[White "Drenchev, Petar"]
[Black "Horvath, Jozsef"]
[Result "0-1"]
[WhiteElo "2511"]
[BlackElo "2509"]
[PlyCount "112"]
[EventDate "2014.??.??"]

1. d4 Nf6 2. c4 e6 3. Nc3 Bb4 4. Qc2 c5 5. dxc5 Bxc5 6. Nf3 Nc6 7. Bf4 Qa5 8.
Rd1 d5 9. e3 Bb4 10. a3 Bxc3+ 11. Qxc3 Qxc3+ 12. bxc3 b6 13. cxd5 Nxd5 14. Bg3
Bb7 15. Rc1 Rc8 16. e4 Nf6 17. Nd2 O-O 18. f3 Na5 19. Be2 Nh5 20. Kf2 Rfd8 21.
Rhd1 Nxg3 22. hxg3 Kf8 23. Nb1 Rxd1 24. Rxd1 Ke7 25. g4 h6 26. Ke3 Rc5 27. Rh1
Bc6 28. Rh5 e5 29. g3 f6 30. Bd3 Bb5 31. f4 Bd7 32. fxe5 fxe5 33. g5 Be8 34.
Rh2 hxg5 35. Rc2 Nc4+ 36. Bxc4 Rxc4 37. Nd2 Ra4 38. Ra2 g4 39. Kd3 b5 40. Ra1
Bc6 41. Rf1 Ke6 42. Ra1 a5 43. c4 b4 44. Nb1 Kd6 45. Ra2 g6 46. Rf2 bxa3 47.
Ra2 Rb4 48. Nd2 a4 49. Rxa3 Kc5 50. Kc2 Rb7 51. Re3 Kb4 52. Re1 a3 53. Rb1+ Ka4
54. Ra1 Rf7 55. Kc3 Rf2 56. Rg1 a2 0-1

[Event "20e Festival de Chambéry -Tournoi fermé "]
[Site "Chambéry (73)"]
[Date "2014.07.26"]
[Round "2.4"]
[White "Bailet, Pierre"]
[Black "Valles, Manuel"]
[Result "1-0"]
[WhiteElo "2469"]
[BlackElo "2398"]
[Annotator "Doe,John"]
[PlyCount "105"]
[EventDate "2014.??.??"]

1. d4 Nf6 2. c4 g6 3. Nc3 Bg7 4. Nf3 d6 5. Bg5 h6 6. Bh4 g5 7. Bg3 Nh5 8. e3 e6
9. Qc2 f5 10. O-O-O O-O 11. Be2 Nd7 12. Nd2 Ndf6 13. f3 Nxg3 14. hxg3 Qe7 15.
f4 g4 16. Bd3 d5 17. cxd5 Nxd5 18. Nc4 Nb4 19. Qe2 Nxd3+ 20. Qxd3 Rd8 21. Ne5
Bd7 22. e4 Bxe5 23. fxe5 Qg5+ 24. Kb1 f4 25. Rh4 Rf8 26. Rdh1 f3 27. Rh5 Qxh5
28. Rxh5 fxg2 29. Ne2 Rf1+ 30. Kc2 Rf2 31. Qd2 g1=Q 32. Nxg1 Rxd2+ 33. Kxd2 Rf8
34. Rxh6 Rf2+ 35. Ke3 Rxb2 36. d5 exd5 37. exd5 Rg2 38. Ne2 Bb5 39. Nd4 Bc4 40.
d6 cxd6 41. exd6 Rxg3+ 42. Kf4 Rd3 43. Ke4 Kf7 44. Rh7+ Ke8 45. Rxb7 Rxd4+ 46.
Kxd4 Bxa2 47. Rxa7 Bb3 48. Kc5 Bc2 49. Kc6 Bf5 50. Kc7 Kf7 51. d7 Bxd7 52. Kxd7
Kf6 53. Ra5 1-0

[Event "20e Festival de Chambéry -Tournoi fermé "]
[Site "Chambéry (73)"]
[Date "2014.07.26"]
[Round "2.5"]
[White "Campos Moreno, Javier B"]
[Black "Moussard, Jules"]
[Result "1-0"]
[WhiteElo "2458"]
[BlackElo "2423"]
[PlyCount "101"]
[EventDate "2014.??.??"]

1. d4 Nf6 2. c4 e6 3. Nf3 Bb4+ 4. Nbd2 O-O 5. a3 Be7 6. e3 d5 7. Be2 b6 8. O-O
Bb7 9. b4 Nbd7 10. c5 c6 11. Bb2 Qc7 12. Qc2 Rfe8 13. h3 Bf8 14. Rfc1 Rac8 15.
a4 Qb8 16. a5 b5 17. a6 Ba8 18. Ne5 Qc7 19. f4 Nb8 20. Bd3 g6 21. g4 Bg7 22. g5
Nh5 23. Ndf3 Rf8 24. Rf1 Ng3 25. Rf2 f5 26. gxf6 Rxf6 27. Bc3 Rcf8 28. Be1 Qc8
29. Qa2 Kh8 30. Rg2 Nf5 31. Bf2 Qe8 32. Kh2 Qc8 33. Ng5 Kg8 34. Ng4 Qc7 35.
Nxf6+ Rxf6 36. Nf3 Bh6 37. Ne5 Nd7 38. Ng4 Bg7 39. Ne5 Nxe5 40. dxe5 Rf7 41.
Rd1 Bh6 42. Bxf5 Rxf5 43. Bh4 Rh5 44. Bf6 Kf7 45. Rg4 Bf8 46. Rg5 Rh6 47. Kg3
Be7 48. Bxe7 Qxe7 49. h4 Qd8 50. Qa1 Qe7 51. Rh1 1-0

[Event "20e Festival de Chambéry -Tournoi fermé "]
[Site "Chambéry (73)"]
[Date "2014.07.26"]
[Round "3.1"]
[White "Delorme, Axel"]
[Black "Estremera Panos, Sergio"]
[Result "1-0"]
[WhiteElo "2494"]
[BlackElo "2345"]
[PlyCount "87"]
[EventDate "2014.??.??"]

1. e4 e5 2. Nf3 Nc6 3. Bb5 a6 4. Ba4 Nf6 5. d3 d6 6. c3 Be7 7. O-O O-O 8. Nbd2
Bd7 9. Re1 h6 10. Nf1 Nh7 11. d4 b5 12. Bc2 Ng5 13. d5 Na5 14. N3d2 c6 15. dxc6
Nxc6 16. Ne3 Be6 17. Ndf1 Qd7 18. Ng3 g6 19. Nef5 h5 20. h4 Nh7 21. Bh6 Rfd8
22. Qf3 Rac8 23. Bd3 Bf8 24. Nxh5 Bxf5 25. exf5 gxh5 26. Qxh5 f6 27. a4 Bxh6
28. Qxh6 Rb8 29. axb5 axb5 30. Re3 d5 31. Rg3+ Kh8 32. Ra6 Rdc8 33. Rg6 Qe7 34.
g4 e4 35. Be2 Ra8 36. g5 Qf8 37. Rxa8 Rxa8 38. Rxf6 Qxh6 39. Rxh6 Ne5 40. g6
Ra7 41. Rxh7+ Rxh7 42. gxh7 Kxh7 43. Bxb5 Kg7 44. Ba6 1-0

[Event "20e Festival de Chambéry -Tournoi fermé "]
[Site "Chambéry (73)"]
[Date "2014.07.26"]
[Round "3.2"]
[White "Horvath, Jozsef"]
[Black "Guidarelli, Laurent"]
[Result "1-0"]
[WhiteElo "2509"]
[BlackElo "2498"]
[PlyCount "81"]
[EventDate "2014.??.??"]

1. Nf3 e6 2. c4 f5 3. g3 Nf6 4. Bg2 d5 5. O-O c6 6. d3 Bc5 7. Qc2 Qe7 8. Bg5
O-O 9. Nbd2 Na6 10. a3 h6 11. Bxf6 Qxf6 12. e4 dxe4 13. dxe4 e5 14. b4 Bd4 15.
Nxd4 exd4 16. Nb3 Rd8 17. Rad1 Nc7 18. f4 fxe4 19. Bxe4 Bg4 20. Rd2 Ne6 21. Kg2
Re8 22. Bg6 Red8 23. h3 Nf8 24. Bd3 Bh5 25. Nc5 Qe7 26. f5 b6 27. Ne4 Nd7 28.
Rdf2 Nf6 29. g4 Bf7 30. Re2 c5 31. Nxc5 Qd6 32. Ne6 Rd7 33. Rf3 Rc8 34. Qa4 Re7
35. c5 Qd5 36. Qa6 Rce8 37. Bc4 Qa8 38. cxb6 d3 39. Bxd3 Nd5 40. Be4 Bxe6 41.
fxe6 1-0

[Event "20e Festival de Chambéry -Tournoi fermé "]
[Site "Chambéry (73)"]
[Date "2014.07.26"]
[Round "3.3"]
[White "Rambaldi, Francesco"]
[Black "Bailet, Pierre"]
[Result "1/2-1/2"]
[WhiteElo "2444"]
[BlackElo "2469"]
[PlyCount "150"]
[EventDate "2014.??.??"]

1. e4 c6 2. Nf3 d5 3. Nc3 Bg4 4. h3 Bxf3 5. Qxf3 e6 6. d4 dxe4 7. Qxe4 Nf6 8.
Qd3 Nbd7 9. Bf4 Be7 10. Be2 O-O 11. Qg3 Re8 12. Bc7 Qc8 13. O-O Nd5 14. Nxd5
cxd5 15. Rac1 Bh4 16. Qh2 Bg5 17. Bf4 Bxf4 18. Qxf4 Qb8 19. Qxb8 Raxb8 20. Bb5
Red8 21. f4 g6 22. g4 f5 23. Bxd7 Rxd7 24. gxf5 gxf5 25. Kf2 Rc8 26. Rg1+ Rg7
27. Ke3 b5 28. Rxg7+ Kxg7 29. Rg1+ Kf6 30. Kd3 b4 31. a3 bxa3 32. b3 h5 33. h4
a5 34. c3 a2 35. Ra1 Rg8 36. Rxa2 Rg3+ 37. Kc2 Rg2+ 38. Kb1 Rg4 39. Rxa5 Rxh4
40. Ra8 Rxf4 41. Rh8 h4 42. b4 Ke7 43. Rh7+ Kd6 44. Kc1 Rg4 45. Kd2 Rg2+ 46.
Kc1 Rg3 47. Kc2 h3 48. b5 Rg2+ 49. Kb3 h2 50. Ka3 f4 51. b6 Kc6 52. b7 Rg8 53.
Rxh2 Kxb7 54. Rh7+ Kc6 55. Rf7 Rg3 56. Kb4 Rf3 57. c4 Rf1 58. Kc3 Rf3+ 59. Kb4
dxc4 60. Kxc4 Kd6 61. Rb7 Re3 62. Rf7 f3 63. Rf4 Ra3 64. Rf7 Kc6 65. Kb4 Ra6
66. Kc4 Ra3 67. Kb4 Re3 68. Kc4 Kd6 69. Rf4 Ke7 70. Kc5 Rc3+ 71. Kb4 Rc6 72.
Rxf3 Kd6 73. Rc3 Rxc3 74. Kxc3 e5 75. dxe5+ Kxe5 1/2-1/2

[Event "20e Festival de Chambéry -Tournoi fermé "]
[Site "Chambéry (73)"]
[Date "2014.07.26"]
[Round "3.4"]
[White "Moussard, Jules"]
[Black "Drenchev, Petar"]
[Result "0-1"]
[WhiteElo "2423"]
[BlackElo "2511"]
[PlyCount "100"]
[EventDate "2014.??.??"]

1. d4 d5 2. Nf3 Nf6 3. c4 c6 4. Nc3 e6 5. e3 Nbd7 6. Bd3 dxc4 7. Bxc4 b5 8. Bd3
Bb7 9. O-O a6 10. e4 c5 11. d5 c4 12. dxe6 fxe6 13. Bc2 Qc7 14. e5 Nxe5 15.
Nxe5 Qxe5 16. Re1 Qd6 17. Bg5 O-O-O 18. Qe2 Qc6 19. Qxe6+ Qxe6 20. Rxe6 Bc5 21.
Rd1 Rxd1+ 22. Nxd1 Rd8 23. Re2 h6 24. Bf4 Be4 25. Ne3 Bxe3 26. fxe3 Bd3 27.
Bxd3 cxd3 28. Rd2 Rd5 29. e4 Nxe4 30. Rd1 Kd7 31. g4 g5 32. Be3 Ke6 33. Kg2 Ke5
34. Kf3 Rd7 35. Bb6 Rf7+ 36. Ke3 d2 37. Ke2 h5 38. h3 h4 39. Be3 b4 40. Rg1 Rd7
41. Kd1 Rc7 42. Ke2 a5 43. Kd3 Rd7+ 44. Kc2 a4 45. Rd1 b3+ 46. axb3 axb3+ 47.
Kb1 Rd3 48. Bxd2 Rxd2 49. Rxd2 Nxd2+ 50. Ka1 Nc4 0-1

[Event "20e Festival de Chambéry -Tournoi fermé "]
[Site "Chambéry (73)"]
[Date "2014.07.26"]
[Round "3.5"]
[White "Valles, Manuel"]
[Black "Campos Moreno, Javier B"]
[Result "1-0"]
[WhiteElo "2398"]
[BlackElo "2458"]
[Annotator "Doe,John"]
[PlyCount "103"]
[EventDate "2014.??.??"]

1. d4 Nf6 2. c4 e6 3. Nc3 Bb4 4. e3 O-O 5. Bd3 d5 6. Nge2 c5 7. cxd5 cxd4 8.
exd4 Nxd5 9. a3 Bd6 10. Bc2 Nc6 11. Qd3 Qh4 12. Bg5 Qh5 13. g4 Qg6 14. Qd2 f5
15. gxf5 Rxf5 16. Rg1 Kh8 17. O-O-O Qf7 18. Bxf5 Qxf5 19. Ng3 Qf7 20. Nge4 Bf8
21. Rg3 h6 22. Be3 Nxc3 23. Nxc3 Ne7 24. Bf4 Nf5 25. Rd3 Bd7 26. d5 Rc8 27. Kb1
exd5 28. Rxd5 Be6 29. Rd8 Rc6 30. Rb8 Kh7 31. Qd8 Be7 32. Qh8+ Kg6 33. Rg1+ Kh5
34. Qe8 Qxe8 35. Rxe8 Bd7 36. Rb8 g5 37. Be5 Re6 38. Rxb7 Bc6 39. Rc7 Bd8 40.
Rxc6 Rxc6 41. Nd5 Ne7 42. Rd1 Nxd5 43. Rxd5 Bb6 44. f4 Kg4 45. fxg5 hxg5 46. b4
Kf3 47. Kb2 Be3 48. Bg3 Ke4 49. Rd7 a6 50. Kb3 Bc1 51. a4 Be3 52. Rd1 {Tombé.}
1-0

[Event "20e Festival de Chambéry -Tournoi fermé "]
[Site "Chambéry (73)"]
[Date "2014.07.26"]
[Round "4.1"]
[White "Estremera Panos, Sergio"]
[Black "Horvath, Jozsef"]
[Result "1/2-1/2"]
[WhiteElo "2345"]
[BlackElo "2509"]
[PlyCount "94"]
[EventDate "2014.??.??"]

1. d4 d6 2. e4 Nf6 3. Nc3 e5 4. Nf3 Nbd7 5. Bc4 Be7 6. O-O O-O 7. Re1 c6 8. a4
exd4 9. Nxd4 Ne5 10. Ba2 Re8 11. h3 a5 12. Be3 Bf8 13. f4 Ng6 14. Qd3 Qc7 15.
Nf3 Be6 16. Bxe6 fxe6 17. f5 Ne5 18. Nxe5 dxe5 19. Qc4 Qf7 20. Red1 h6 21. g4
Bb4 22. Kf2 Bxc3 23. bxc3 b5 24. Qxc6 Rac8 25. fxe6 Nxg4+ 26. Ke2 Qh5 27. Qb7
Nh2+ 28. Ke1 Rf8 29. Rd7 Qg6 30. Kd2 b4 31. Qd5 Kh7 32. c4 Qg2+ 33. Kc1 b3 34.
Qd2 Qxh3 35. e7 Rfe8 36. Kb2 Rxc4 37. cxb3 Rxe4 38. Bc5 Qh5 39. Re1 Rxe1 40.
Qxe1 Ng4 41. Qe4+ g6 42. Rd8 Nf6 43. Qc6 Qe2+ 44. Ka1 Qc2 45. Qxf6 Qc1+ 46. Ka2
Qc2+ 47. Ka1 Qc1+ 1/2-1/2

[Event "20e Festival de Chambéry -Tournoi fermé "]
[Site "Chambéry (73)"]
[Date "2014.07.26"]
[Round "4.2"]
[White "Bailet, Pierre"]
[Black "Delorme, Axel"]
[Result "1/2-1/2"]
[WhiteElo "2469"]
[BlackElo "2494"]
[PlyCount "88"]
[EventDate "2014.??.??"]

1. d4 d5 2. c4 e6 3. Nf3 a6 4. cxd5 exd5 5. Nc3 c6 6. Bf4 Bd6 7. Bxd6 Qxd6 8.
e4 Ne7 9. e5 Qd8 10. h3 Bf5 11. Bd3 Nd7 12. Bxf5 Nxf5 13. Qd3 g6 14. O-O-O Nf8
15. g4 Ng7 16. Qe3 Nfe6 17. Ne1 f6 18. Ne2 fxe5 19. dxe5 O-O 20. f4 Qa5 21. Kb1
Qa4 22. Ng2 Rad8 23. Nd4 Nc7 24. b3 Qb4 25. e6 Rde8 26. f5 gxf5 27. gxf5 Qe7
28. Qe5 Nb5 29. Ne3 Nc3+ 30. Kb2 Nxd1+ 31. Rxd1 c5 32. Nxd5 Qg5 33. e7 Rf7 34.
Ne6 Nxe6 35. Qxe6 Qxf5 36. Qd6 Kh8 37. Ka3 c4 38. Qb4 Qe5 39. Qxc4 Rfxe7 40.
Nxe7 Qxe7+ 41. Qb4 Qe5 42. Rd7 b5 43. Qd6 a5 44. Qxe5+ Rxe5 1/2-1/2

[Event "20e Festival de Chambéry -Tournoi fermé "]
[Site "Chambéry (73)"]
[Date "2014.07.26"]
[Round "4.3"]
[White "Guidarelli, Laurent"]
[Black "Moussard, Jules"]
[Result "1-0"]
[WhiteElo "2498"]
[BlackElo "2423"]
[PlyCount "53"]
[EventDate "2014.??.??"]

1. d4 e6 2. e4 d5 3. Nc3 a6 4. Bd3 Nf6 5. e5 Nfd7 6. Nce2 c5 7. c3 Nc6 8. f4 b5
9. Nf3 g6 10. O-O c4 11. Bc2 h6 12. h4 h5 13. Ng5 Nb6 14. f5 exf5 15. e6 fxe6
16. Nf4 Qf6 17. Nfxe6 Bxe6 18. Nxe6 Bd6 19. Re1 Qxh4 20. Bf4 Be7 21. g3 Qg4 22.
Qd2 Kd7 23. Qg2 g5 24. Bd1 gxf4 25. Bxg4 hxg4 26. Nxf4 Bd6 27. Nxd5 1-0

[Event "20e Festival de Chambéry -Tournoi fermé "]
[Site "Chambéry (73)"]
[Date "2014.07.26"]
[Round "4.4"]
[White "Valles, Manuel"]
[Black "Rambaldi, Francesco"]
[Result "0-1"]
[WhiteElo "2398"]
[BlackElo "2444"]
[PlyCount "142"]
[EventDate "2014.??.??"]

1. c4 e5 2. Nc3 Nf6 3. Nf3 Nc6 4. e3 Bb4 5. Nd5 Bc5 6. Qc2 d6 7. a3 a5 8. Be2
h6 9. O-O O-O 10. d3 Be6 11. Nc3 Bf5 12. Rb1 Bh7 13. Rd1 Re8 14. Nd2 Qd7 15.
Bf3 Bg6 16. Nde4 Nh7 17. Nd5 f5 18. Nec3 Ng5 19. Be2 f4 20. b4 axb4 21. axb4
Ba7 22. b5 f3 23. gxf3 Ne7 24. Nxe7+ Rxe7 25. h4 Nh7 26. Ra1 Ree8 27. Kg2 c6
28. Ne4 d5 29. bxc6 bxc6 30. cxd5 cxd5 31. Ng3 Nf6 32. Bd2 d4 33. Ra6 Rac8 34.
Qa4 Qxa4 35. Rxa4 Bb6 36. Rb1 Bc5 37. Rc1 Bb6 38. Rb1 Bc5 39. Rc1 Bb6 40. Ra6
Rxc1 41. Bxc1 Rb8 42. Ba3 Nd5 43. Bd6 Re8 44. Bd1 Bxd3 45. Rxb6 Nxb6 46. exd4
Nc4 47. Bc5 exd4 48. Ba4 Rd8 49. Be7 Rd5 50. Ne4 Bxe4 51. fxe4 Re5 52. Bb4 Rxe4
53. Bb3 d3 54. Kg3 Kh8 55. f3 Rd4 56. Bc3 Rd7 57. Bxc4 Rc7 58. Bxd3 Rxc3 59.
Be4 Kg8 60. Kf4 Kf7 61. h5 Kf6 62. Kg3 Ke5 63. Bh7 Rc4 64. Bg8 Rf4 65. Bh7 Rf6
66. Bb1 Kd4 67. Kf2 Rb6 68. Be4 Rb2+ 69. Kg3 Ke3 70. Bc6 Rb1 71. Kg4 Rg1+ 0-1

[Event "20e Festival de Chambéry -Tournoi fermé "]
[Site "Chambéry (73)"]
[Date "2014.07.26"]
[Round "4.5"]
[White "Campos Moreno, Javier B"]
[Black "Drenchev, Petar"]
[Result "0-1"]
[WhiteElo "2458"]
[BlackElo "2511"]
[PlyCount "86"]
[EventDate "2014.??.??"]

1. d4 Nf6 2. c4 g6 3. Nc3 d5 4. Nf3 Bg7 5. e3 O-O 6. Be2 c5 7. O-O cxd4 8. exd4
dxc4 9. Bxc4 Nc6 10. Re1 a6 11. h3 b5 12. Bf1 Bb7 13. Bg5 h6 14. Be3 Nd5 15.
Ne4 Nxe3 16. fxe3 Nb4 17. Nc5 Bxf3 18. gxf3 e5 19. Qd2 Nd5 20. dxe5 Bxe5 21.
Rad1 Qg5+ 22. Qg2 Rad8 23. f4 Qh4 24. fxe5 Nxe3 25. Rxe3 Rxd1 26. Ne4 Rc8 27.
Nc3 Re1 28. Rxe1 Qxe1 29. Qe2 Qxe2 30. Bxe2 b4 31. Nd5 Rc1+ 32. Kf2 a5 33. Ne3
Ra1 34. Bc4 Rb1 35. Kf3 Rxb2 36. e6 fxe6 37. Bxe6+ Kg7 38. Bb3 a4 39. Bxa4 Rxa2
40. Bb3 Ra3 41. Bd5 Rc3 42. Kf2 b3 43. Be4 Rc1 0-1

[Event "20e Festival de Chambéry -Tournoi fermé "]
[Site "Chambéry (73)"]
[Date "2014.07.26"]
[Round "5.1"]
[White "Horvath, Jozsef"]
[Black "Bailet, Pierre"]
[Result "1/2-1/2"]
[WhiteElo "2509"]
[BlackElo "2469"]
[PlyCount "86"]
[EventDate "2014.??.??"]

1. Nf3 Nf6 2. g3 g6 3. b3 Bg7 4. Bb2 c5 5. Bg2 Nc6 6. c4 O-O 7. O-O d6 8. Nc3
Bf5 9. d4 Rb8 10. dxc5 dxc5 11. Nh4 Bd7 12. Nd5 Nxd5 13. Bxg7 Ne3 14. fxe3 Kxg7
15. Qd5 Bg4 16. Qg5 f5 17. h3 Bxe2 18. Rxf5 Qd6 19. Bxc6 h6 20. Qf4 gxf5 21.
Qxd6 exd6 22. Bd5 b5 23. Ng2 Bh5 24. cxb5 Rxb5 25. Nf4 Bf7 26. Rd1 Rb6 27. Kf2
Re8 28. Kf3 Re5 29. Bxf7 Kxf7 30. g4 Ra6 31. Rd2 d5 32. Nd3 fxg4+ 33. hxg4 Rf6+
34. Ke2 Re4 35. Nf2 Re5 36. Nd3 Rg5 37. Rc2 Rc6 38. Kf3 c4 39. Nf4 Ke7 40. Rd2
Kd6 41. bxc4 Rxc4 42. Rh2 Ra4 43. Rxh6+ Kd7 1/2-1/2

[Event "20e Festival de Chambéry -Tournoi fermé "]
[Site "Chambéry (73)"]
[Date "2014.07.26"]
[Round "5.2"]
[White "Drenchev, Petar"]
[Black "Guidarelli, Laurent"]
[Result "0-1"]
[WhiteElo "2511"]
[BlackElo "2498"]
[PlyCount "100"]
[EventDate "2014.??.??"]

1. c4 f5 2. Nf3 e6 3. g3 d5 4. Bg2 c6 5. d4 Nf6 6. O-O Bd6 7. b3 Qe7 8. Bb2 b6
9. Qc1 Bb7 10. Ba3 Nbd7 11. Bxd6 Qxd6 12. Qa3 Qxa3 13. Nxa3 Ke7 14. Rfc1 Rhc8
15. Ne1 c5 16. dxc5 Nxc5 17. Nd3 Nce4 18. Ne5 dxc4 19. Naxc4 Rc7 20. f3 Nc5 21.
f4 Bxg2 22. Kxg2 Rac8 23. Rd1 Nd5 24. Kf3 b5 25. Na5 Ne4 26. a3 g5 27. fxg5
Nxg5+ 28. Kf2 Ne4+ 29. Kf3 Ng5+ 30. Kf2 Ne4+ 31. Kf3 Kf6 32. Nd3 Ng5+ 33. Kf2
Ne4+ 34. Kf3 Nec3 35. Rdc1 e5 36. Kf2 e4 37. Ne1 e3+ 38. Kf1 f4 39. Rc2 fxg3
40. hxg3 Ne4 41. Rac1 Ndc3 42. Ng2 Rg7 43. Nxe3 Rxg3 44. Ng2 Kg5 45. e3 Rf3+
46. Kg1 Ne2+ 47. Kh2 Kg4 48. Nf4 Rf2+ 49. Ng2 Rxc2 50. Rxc2 Kf3 0-1

[Event "20e Festival de Chambéry -Tournoi fermé "]
[Site "Chambéry (73)"]
[Date "2014.07.26"]
[Round "5.3"]
[White "Delorme, Axel"]
[Black "Valles, Manuel"]
[Result "1/2-1/2"]
[WhiteElo "2494"]
[BlackElo "2398"]
[PlyCount "129"]
[EventDate "2014.??.??"]

1. e4 c5 2. Nf3 Nc6 3. c3 Nf6 4. e5 Nd5 5. d4 cxd4 6. cxd4 d6 7. Bc4 Nb6 8. Bb5
d5 9. O-O Bg4 10. h3 Bxf3 11. Qxf3 e6 12. Be3 Rc8 13. Nd2 a6 14. Be2 Qh4 15.
Qg4 Qxg4 16. hxg4 Bb4 17. Nf3 O-O 18. Rac1 Be7 19. Bd2 Bb4 20. Rxc6 Rxc6 21.
Bxb4 Rfc8 22. Bc5 Na4 23. b4 Nc3 24. Bd3 b6 25. Bxa6 bxc5 26. Bxc8 cxd4 27. Bd7
Rc7 28. Nxd4 Rxd7 29. Rc1 Rc7 30. Kf1 Rc4 31. Ne2 Nxa2 32. Rxc4 dxc4 33. b5 Nb4
34. Nd4 Nd5 35. Nc2 Kf8 36. Ne3 c3 37. Ke2 Nb4 38. b6 Ke7 39. b7 Na6 40. Nc4
Kd7 41. Nd6 f6 42. Ne4 Kc7 43. exf6 gxf6 44. Nxf6 Nc5 45. g5 Kxb7 46. Nxh7 e5
47. g6 Ne6 48. Nf8 Ng7 49. Nd7 Kc6 50. Nxe5+ Kd5 51. f4 Ke4 52. g3 Kf5 53. Kd3
Kf6 54. g4 Ne6 55. Nd7+ Ke7 56. f5 Kxd7 57. Kxc3 Ke7 58. fxe6 Kxe6 59. g5 Ke7
60. Kd4 Kf8 61. Ke5 Kg7 62. Kf5 Kg8 63. Kf6 Kh8 64. g7+ Kg8 65. g6 1/2-1/2

[Event "20e Festival de Chambéry -Tournoi fermé "]
[Site "Chambéry (73)"]
[Date "2014.07.26"]
[Round "5.4"]
[White "Rambaldi, Francesco"]
[Black "Campos Moreno, J."]
[Result "1-0"]
[WhiteElo "2444"]
[BlackElo "2458"]
[PlyCount "81"]
[EventDate "2014.??.??"]

1. e4 e5 2. Nc3 Nf6 3. Bc4 c6 4. d4 Qa5 5. dxe5 Nxe4 6. Qf3 d5 7. exd6 Nxd6 8.
Bb3 Be7 9. Bf4 O-O 10. O-O-O Nb5 11. Nxb5 cxb5 12. Ne2 Nc6 13. Nc3 Be6 14. Nd5
Bxd5 15. Qxd5 Rad8 16. Qe4 Qb4 17. Qxb4 Bxb4 18. Bg5 Be7 19. Bxe7 Nxe7 20. Rhe1
Nc6 21. Bd5 a5 22. c3 g6 23. a3 Kg7 24. b4 axb4 25. axb4 Ra8 26. Bb3 Rfd8 27.
Rxd8 Rxd8 28. Rd1 Rxd1+ 29. Bxd1 Kf6 30. Be2 Ne7 31. Kd2 Ke5 32. Ke3 g5 33. g3
f6 34. f4+ Kd5 35. Kf3 h5 36. fxg5 fxg5 37. h4 gxh4 38. gxh4 Nc8 39. Kf4 Nd6
40. Bxh5 Ke6 41. Be2 1-0